000 00511nam a22001697a 4500
005 20251108164147.0
008 250721s1980 xx 000 0 ara d
082 1 4 _a341.77/محم
100 1 _aغزوي، محمد سليم محمد
245 1 0 _aجريمة إبادة الجنس البشري /
264 1 _aعمان :
_bالجامعه الأردنيه،
_c1980.
300 _a123ص
650 1 7 _aالقانون الجنائي
650 1 7 _aالقانون الدولي
942 _2ddc
_cBK
999 _c5158
_d5158